000 00946nam a2200253Ia 4500
003 OSt
005 20220930190009.0
006 a|||||r|||| 00| 0
007 ta
008 220926b |||||||| |||| 00| 0 hin d
020 _a8188118788 (hbk)
_c350
024 _a1303
037 _bB281, 24/01/2009, Bharat Pustak Bhandar
_cTextbook
040 _aCRL
_cCRL
_bhin
041 _2hin
_ahin
082 _aO152,6N43x, P7
100 _aपालीवाल, कृष्णदत्त
245 0 _aउत्तर आधुनिकतावाद की ओर
246 _aAantastal kā pūrā viplava: aॅandhere mean
260 _aदिल्लल,
_bआर्य प्रकाशन मंडल, भारत
_c2007
300 _a316पृ0
_ccm.
942 _hO152,6N43x, P7
_cTB
_2CC
999 _c891426
_d891426